Vainqueurs de la coupe du monde - Statistiques

Statistiques générales
  • Ce quiz a été pris 159 fois
  • Le résultat moyen est 20 sur 21
Statistiques - réponses
Hint Réponse % Correct
2014 Allemagne
100%
1990 Allemagne
100%
2018 France
100%
1998 France
100%
1986 Argentine
99%
1978 Argentine
99%
2002 Bresil
99%
1994 Bresil
99%
1970 Bresil
99%
1962 Bresil
99%
1958 Bresil
99%
2006 Italie
99%
1982 Italie
99%
1938 Italie
99%
1934 Italie
99%
2010 Espagne
97%
1966 Angleterre
94%
1950 Uruguay
93%
1930 Uruguay
93%
1974 RFA
46%
1954 RFA
46%
Aucun quiz correspondant
Distribution des résultats
% des personnes avec chaque résultat
Percentile par nombre de réponses
Votre historique - résultats
Vous n’avez pas pris ce quiz